Desarrollo y aplicación de estrategias de programación matemática avanzada para la producción sustentable de energía /
Guardado en:
| Otros Autores: | , , |
|---|---|
| Formato: | Manuscrito |
| Idioma: | Spanish |
| Publicado: |
2013.
|
| Materias: | |
| Etiquetas: |
Agregar Etiqueta
Sin Etiquetas, Sea el primero en etiquetar este registro!
|
| LEADER | 01137ntm a22002295a 4500 | ||
|---|---|---|---|
| 001 | EIQ.libpla004443 | ||
| 008 | 140317s2013####xx#######bm###000#0#spa#d | ||
| 005 | 20140328155740.0 | ||
| 245 | 1 | 0 | |a Desarrollo y aplicación de estrategias de programación matemática avanzada para la producción sustentable de energía / |c Cecilia Inés Paulo. |
| 260 | |c 2013. | ||
| 300 | |a xxix, 255 p. ; |c 21 cm. | ||
| 500 | |a "Tesis Doctoral en Ingeniería Química". | ||
| 500 | |a Director de tesis: María Soledad Díaz y Esteban Alberto Brignole. | ||
| 502 | |a Tesis (doctoral)--Universidad Nacional del Sur. Departamento de Ingeniería Química, 2013. | ||
| 504 | |a Incluye referencias bibliográficas. | ||
| 100 | 1 | |a Paulo, Cecilia Inés. |4 dis | |
| 700 | 1 | |a Díaz, María Soledad. |4 ths | |
| 700 | 1 | |a Brignole, Esteban A. |q (Esteban Alberto) |4 ths | |
| 710 | 2 | |a Universidad Nacional del Sur. |b Departamento de Ingeniería Química |4 dgg. | |
| 650 | 7 | |a Recursos energéticos. |x Biocombustibles |x Bioetanol |x Programación matemática | |
| 650 | 7 | |a Energy resources |x Biofuels |x Bioethanol |x Mathematical programming | |
| 859 | |a AR-BbSID |b BIB. PLAPIQUI |h 662.669 |i P285 |p 6346 | ||
